La Suspensin̤ de los juicios orales

Detalles Bibliográficos
Autor principal: Pesqueira Zamora, Mara̕ Jess︢
Otros Autores: Pic ̤i Junoy, Joan
Formato: Libro
Lenguaje:español
Publicado: Barcelona : J.M. Bosch, 2015
Materias:
Acceso en línea:Acceso restringido

MARC

LEADER 00000nam a2200000 a 4500
005 20150706182046.0
007 cr|||| ||||
008 150430s2015 spc||||f|b||||001 0|spa|c
020 |a 9788494302374  
035 |a 12733 
040 |a vLex 
090 |c 5473  |d 5473 
100 1 |a Pesqueira Zamora, Mara̕ Jess︢ 
245 1 3 |a La Suspensin̤ de los juicios orales  |h [Recurso electrn̤ico] /  |c M® Jess︢ Pesqueira Zamora ; prl̤ogo: Joan Pic ̤i Junoy 
256 |a Servicio en ln̕ea 
260 |a Barcelona :  |b J.M. Bosch,  |c 2015 
300 |a 1 recurso electrn̤ico 
504 |a Bibliografa̕: p. 301-308. Índices 
506 1 |a Contenido disponible en los productos indicados  |d vLex Global  |d vLex Global (Academic Edition, excluding Law Schools)  |d vLex Global (U.S. Academic Edition, Law Schools)  |d vLex Global (U.S. Academic Edition, excluding Law Schools)  |d vLex Global (Academic Edition, Law Schools) 
650 0 4 |a Juicio oral  |z Espaą 
650 0 4 |a Derecho procesal  |z Espaą 
700 1 |a Pic ̤i Junoy, Joan 
740 0 |a vLex Libros (Servicio en ln̕ea) 
856 4 0 |u http://vlex.com/source/suspension-de-los-juicios-orales-especial-atencion-a-sus-causas-y-tratamiento-procesal-12733  |z Acceso restringido 
942 |c BOOK 
999 0 |a Oral pleading 
999 0 |a Procedure (Law)